Memoria leída por el Teniente coronel del Estado Mayor Don Pío Suárez Inclán, secretario del Centro del Ejército y de la Armada en la junta general celebrada en la noche del 9 de enero de 1901. (Record no. 153061)

MARC details
000 -LEADER
campo de control de longitud fija 00820nam a2200181 i 4500
001 - NÚMERO DE CONTROL
campo de control 153061
003 - IDENTIFICADOR DE NÚMERO DE CONTROL
campo de control ES-MaACL
005 - FECHA Y HORA DE LA ÚLTIMA TRANSACCIÓN
campo de control 20230906205015.0
008 - DATOS DE LONGITUD FIJA--INFORMACIÓN GENERAL
campo de control de longitud fija 050907s1901 sp | |||||||| ||spa d
040 ## - FUENTE DE CATALOGACIÓN
Centro catalogador/agencia de origen CAM
Lengua de catalogación spa
Centro/agencia transcriptor CAM
110 2# - ENTRADA PRINCIPAL--NOMBRE DE ENTIDAD CORPORATIVA
Nombre de entidad corporativa o nombre de jurisdicción como elemento de entrada Centro del Ejército y de la Armada (Madrid)
9 (RLIN) 137469
245 10 - MENCIÓN DEL TÍTULO
Título Memoria leída por el Teniente coronel del Estado Mayor Don Pío Suárez Inclán, secretario del Centro del Ejército y de la Armada en la junta general celebrada en la noche del 9 de enero de 1901.
260 ## - PUBLICACIÓN, DISTRIBUCIÓN, ETC.
Lugar de publicación, distribución, etc. Madrid :
Nombre del editor, distribuidor, etc. [s.n.],
Fecha de publicación, distribución, etc. 1901 (
Fabricante Romero)
300 ## - DESCRIPCIÓN FÍSICA
Extensión 20 p. ;
Dimensiones 22 cm.
610 24 - PUNTO DE ACCESO ADICIONAL DE MATERIA--NOMBRE DE ENTIDAD CORPORATIVA
Nombre de entidad corporativa o nombre de jurisdicción como elemento de entrada Centro del Ejército y de la Armada (Madrid)-
Subdivisión de forma Memorias.
9 (RLIN) 162028
700 1# - ENTRADA AGREGADA--NOMBRE PERSONAL
Nombre de persona Suárez Inclán, Pío.
9 (RLIN) 132971
852 ## - LOCALIZACIÓN
Ubicación ES-MaACL
Número de control de estantería T-987-F-3
Nota libre -- Enc. hol., conservando la enc. original
-- -- Enc. en un vol. facticio
Holdings
Estatus retirado Estado de pérdida Estado de daño No para préstamo Colección Biblioteca de origen Biblioteca actual Ubicación en estantería Fecha de adquisición Total de préstamos Signatura topográfica completa Código de barras Visto por última vez Precio de reemplazo Tipo de ítem Koha
        Colección de folletos Biblioteca del Ateneo de Madrid Biblioteca del Ateneo de Madrid Depósito folletos 17/01/2008   T-987-F-3 1159910 23/02/2023 23/02/2023 Folleto